A concise history of modern painting / (Record no. 10007)
[ view plain ]
| 000 -LEADER | |
|---|---|
| fixed length control field | 00661nam a2200217 4500 |
| 001 - CONTROL NUMBER | |
| JCCL Control Number | 10007 |
| 003 - CONTROL NUMBER IDENTIFIER | |
| JCCL marc code | BD - JhCC |
| 005 - DATE AND TIME OF LATEST TRANSACTION | |
| control field | 20180404170131.0 |
| 008 - FIXED-LENGTH DATA ELEMENTS--GENERAL INFORMATION | |
| fixed length control field | 180404s1959 enka 000 0 eng d |
| 035 ## - SYSTEM CONTROL NUMBER | |
| system control number | CURL 020000257720(Edi) from ahmc80 |
| -- | (BD - JhCC)10007 |
| 040 ## - CATALOGING SOURCE | |
| Original cataloging agency | DLC |
| Transcribing agency | ISB |
| Modifying agency | OCL |
| -- | m.c |
| -- | EUX |
| -- | BD - JhCC |
| 041 ## - LANGUAGE CODE | |
| Language code of Book | eng |
| 082 ## - DEWEY DECIMAL CLASSIFICATION NUMBER | |
| Author mark and Year | REA 1959 |
| Classification number | 759.06 |
| 100 1# - MAIN ENTRY--PERSONAL NAME | |
| Personal name | Read, Herbert, |
| Dates associated with a name | 1893-1968. |
| 245 12 - TITLE STATEMENT | |
| Title | A concise history of modern painting / |
| Statement of responsibility, etc | Herbert Read. |
| 260 ## - PUBLICATION, DISTRIBUTION, ETC. (IMPRINT) | |
| Place of publication, distribution, etc | London : |
| Name of publisher, distributor, etc | Thames & Hudson, |
| Date of publication, distribution, etc | 1959. |
| 300 ## - PHYSICAL DESCRIPTION | |
| Pagination | 376 p. : |
| Other physical details | ill. (part col.) ; |
| Dimensions | 22 cm. |
| 650 #0 - SUBJECT ADDED ENTRY--TOPICAL TERM | |
| Topical term or geographic name as entry element | Painting, Modern |
| Chronological subdivision | 20th century. |
| 942 ## - ADDED ENTRY ELEMENTS (KOHA) | |
| Source of classification or shelving scheme | Dewey Decimal Classification |
| Koha item type | Reference |
| Source of classification or shelving scheme | Damaged status | Not for loan | Home library | Current library | Shelving location | Date of accession | Total Checkouts | Full call number | Barcode | Date last seen | Copy number | Koha item type |
|---|---|---|---|---|---|---|---|---|---|---|---|---|
| Dewey Decimal Classification | JCC Rouf Library | JCC Rouf Library | General Stacks | 04/04/2018 | 759.06 REA 1959 | 13458 | 04/04/2018 | C-1 | Reference |